Politischer Extremismus in demokratischen Verfassungsstaaten Elemente einer normativen Rahmentheorie
Gespeichert in:
| 1. Verfasser: | |
|---|---|
| Format: | Buch |
| Sprache: | Deutsch |
| Veröffentlicht: |
Opladen
Westdeutscher Verlag
1989
|
| Ausgabe: | 1. Aufl. |
| Schlagworte: | |
| Tags: |
Keine Tags, Fügen Sie das erste Tag hinzu!
|
MARC
| LEADER | 00000nam a2200000 4500 | ||
|---|---|---|---|
| 001 | c000576 | ||
| 005 | 20221215124758.3 | ||
| 020 | |a 3-531-11946-X | ||
| 041 | 0 | |a ger | |
| 044 | |a DE | ||
| 245 | 1 | 0 | |a Politischer Extremismus in demokratischen Verfassungsstaaten |b Elemente einer normativen Rahmentheorie |c Uve Backes |
| 250 | |a 1. Aufl. | ||
| 264 | 1 | |a Opladen |b Westdeutscher Verlag |c 1989 | |
| 300 | |a 385 s. | ||
| 610 | 2 | 0 | |a demokracia |
| 610 | 2 | 0 | |a komunizmus |
| 610 | 2 | 0 | |a marxizmus-leninizmus |
| 610 | 2 | 0 | |a psychológia |
| 610 | 2 | 0 | |a anarchizmus |
| 610 | 2 | 0 | |a nacionalizmus |
| 610 | 2 | 0 | |a extrémizmus |
| 610 | 2 | 0 | |a maoizmus |
| 610 | 2 | 0 | |a teórie ekonomické |
| 100 | 1 | |a Backes, Uve | |